[Event "13. KUP SS OBZ"]
[Site "Valpovo"]
[Date "2020.02.23"]
[Round "4.3"]
[White "Borzan, Matej"]
[Black "Cmelak, Antonio"]
[Result "1-0"]
[WhiteElo "1671"]
[BlackElo "1661"]
[PlyCount "57"]
[EventDate "2020.02.21"]
[WhiteTeam "ŠK FERIT-OSIJEK II, Osijek"]
[BlackTeam "ŠK DONJI MIHOLJAC, Donji Miholjac"]

1. d4 g6 2. c4 Bg7 3. e4 d6 4. Nc3 Nd7 5. Nf3 e5 6. d5 Ne7 7. Bd3 Nc5 8. Bc2
Bg4 9. b4 Nd7 10. h3 Bxf3 11. Qxf3 O-O 12. g4 h6 13. h4 a5 14. bxa5 Rxa5 15.
Bd2 Ra3 16. Qg2 Qa8 17. h5 g5 18. Qh2 f6 19. O-O Rc8 20. Rab1 Nc5 21. Bb3 Nxb3
22. Rxb3 Rxb3 23. axb3 Qa7 24. Qg3 c6 25. Qd3 Rd8 26. Kg2 Qa3 27. Na4 c5 28.
Qc3 Qb4 29. Qb2 1-0

[Event "13. KUP SS OBZ"]
[Site "Valpovo"]
[Date "2020.02.23"]
[Round "5.2"]
[White "Jeszenszky, Jozsef"]
[Black "Berke, Ana"]
[Result "1-0"]
[WhiteElo "2117"]
[BlackElo "2113"]
[PlyCount "145"]
[EventDate "2020.02.21"]
[WhiteTeam "ŠK DONJI MIHOLJAC, Donji Miholjac"]
[BlackTeam "ŠK BELIŠĆE, Belišće"]

1. d4 d5 2. c4 e6 3. Nf3 a6 4. e3 Nf6 5. Bd3 dxc4 6. Bxc4 b5 7. Bd3 c5 8. O-O
c4 9. Be2 Be7 10. a4 Bb7 11. axb5 axb5 12. Rxa8 Bxa8 13. b3 Bd5 14. bxc4 bxc4
15. Bxc4 O-O 16. Bxd5 Qxd5 17. Ba3 Bxa3 18. Nxa3 Nc6 19. Qa4 h6 20. Rc1 Ne7 21.
Qb5 Qa2 22. Nc4 Rc8 23. Nfd2 Ned5 24. Qb3 Qa6 25. Rb1 Rc7 26. h3 Kh7 27. Qd3+
g6 28. Ne5 Qa2 29. Ndc4 Qa6 30. Qa3 Qxa3 31. Nxa3 Ne4 32. Nb5 Rc2 33. Nxf7 Nxf2
34. Na3 Ra2 35. Nc4 Ra7 36. Nfd6 Nd3 37. Rb7+ Rxb7 38. Nxb7 Kg7 39. Kf1 Kf6 40.
Ke2 N3b4 41. Nc5 g5 42. Kf3 h5 43. g4 hxg4+ 44. Kxg4 Nc2 45. Kf3 Ne7 46. Kg4
Nd5 47. Kf3 Ne7 48. Ne5 Nd5 49. Ng4+ Kf7 50. Ke4 Ne1 51. Ke5 Nc7 52. Kd6 Nd5
53. Ke5 Nc7 54. Ne4 Nf3+ 55. Kd6 Nd5 56. Ne5+ Nxe5 57. Kxe5 Kg6 58. Kxe6 Nxe3
59. d5 Nxd5 60. Kxd5 Kh5 61. Ke5 Kg6 62. Ke6 Kh5 63. Kf5 Kh4 64. Nxg5 Kh5 65.
Nf3 Kh6 66. Kg4 Kg6 67. h4 Kh6 68. Ne5 Kg7 69. Kg5 Kh7 70. h5 Kg7 71. h6+ Kh7
72. Nf7 Kg8 73. Kg6 1-0

[Event "13. KUP SS OBZ"]
[Site "Valpovo"]
[Date "2020.02.23"]
[Round "5.2"]
[White "Basrak, Srdjan"]
[Black "Roklicer, Heike"]
[Result "1-0"]
[WhiteElo "2210"]
[BlackElo "2020"]
[PlyCount "63"]
[EventDate "2020.02.21"]
[WhiteTeam "ŠK BELIŠĆE, Belišće"]
[BlackTeam "ŠK DONJI MIHOLJAC, Donji Miholjac"]

1. e4 c6 2. d4 d5 3. e5 Bf5 4. Nf3 e6 5. Be2 c5 6. c3 Nc6 7. O-O Bg4 8. Nbd2
cxd4 9. Nxd4 Bxe2 10. Qxe2 Nxd4 11. cxd4 Ne7 12. Nb3 Nc6 13. Be3 a5 14. f4 g6
15. g4 a4 16. Nc1 Qb6 17. Qf2 Be7 18. f5 Kd7 19. Nd3 Qb5 20. Qd2 Qa5 21. Qe2 b6
22. fxe6+ fxe6 23. Rf7 Raf8 24. Raf1 Nd8 25. Bd2 Qa8 26. Rg7 Nc6 27. Bg5 h6 28.
Bxe7 Rxf1+ 29. Kxf1 Nxe7 30. Nb4 Qe8 31. Qb5+ Kc7 32. Nc6 1-0

[Event "13. KUP SS OBZ"]
[Site "Valpovo"]
[Date "2020.02.23"]
[Round "5.2"]
[White "Sos, Fran"]
[Black "Huis, Dinko"]
[Result "1/2-1/2"]
[WhiteElo "1990"]
[BlackElo "2145"]
[PlyCount "102"]
[EventDate "2020.02.21"]
[WhiteTeam "ŠK DONJI MIHOLJAC, Donji Miholjac"]
[BlackTeam "ŠK BELIŠĆE, Belišće"]

1. d4 Nf6 2. c4 e6 3. Nc3 Bb4 4. f3 O-O 5. e4 Bxc3+ 6. bxc3 d5 7. Bg5 dxe4 8.
fxe4 h6 9. Bxf6 Qxf6 10. Nf3 e5 11. Be2 exd4 12. cxd4 Qg6 13. Qc2 Re8 14. O-O
Qxe4 15. Bd3 Qf4 16. Bh7+ Kh8 17. Rae1 Rxe1 18. Rxe1 Bd7 19. Re7 f5 20. Bg6 Qd6
21. Rf7 Qxg6 22. Ne5 Qd6 23. Rxd7 Qxd7 24. Nxd7 Nxd7 25. Qxf5 Nf6 26. Qb5 Rb8
27. Qc5 Rd8 28. Qxa7 b6 29. d5 Rd7 30. Qa8+ Kh7 31. Qc6 Re7 32. a4 Ne4 33. d6
Nxd6 34. c5 bxc5 35. a5 c4 36. a6 Re1+ 37. Kf2 Ra1 38. Ke3 h5 39. h3 Kh6 40.
Kd4 g6 41. Ke5 c3 42. Qxc3 Rxa6 43. Qxc7 Nf5 44. g4 hxg4 45. hxg4 Nh4 46. Qc1+
g5 47. Qc3 Rg6 48. Qc8 Kh7 49. Qd7+ Rg7 50. Qe8 Rg6 51. Qf7+ Kh6 1/2-1/2

[Event "13. KUP SS OBZ"]
[Site "Valpovo"]
[Date "2020.02.23"]
[Round "5.2"]
[White "Marjancevic, Slavko"]
[Black "Ronta, Ivan"]
[Result "1/2-1/2"]
[WhiteElo "2023"]
[BlackElo "1788"]
[PlyCount "64"]
[EventDate "2020.02.21"]
[WhiteTeam "ŠK BELIŠĆE, Belišće"]
[BlackTeam "ŠK DONJI MIHOLJAC, Donji Miholjac"]

1. e4 d5 2. exd5 Nf6 3. c4 c6 4. dxc6 Nxc6 5. Nc3 e5 6. d3 Bb4 7. a3 Bxc3+ 8.
bxc3 Bf5 9. Bg5 O-O 10. Be2 h6 11. Be3 Qa5 12. Qb3 Nd4 13. Bxd4 exd4 14. Qb4
Qd8 15. Nf3 Re8 16. Nxd4 Bxd3 17. Ra2 Bxe2 18. Nxe2 Qd3 19. Rd2 Qe4 20. O-O
Rac8 21. Nd4 Qf4 22. Rdd1 Qc7 23. Nb5 Qf4 24. Nd6 Ng4 25. g3 Qf3 26. Qxb7 Qxb7
27. Nxb7 Re2 28. c5 Ra2 29. Ra1 Rc2 30. h3 Nf6 31. Rfc1 Rb2 32. Rab1 Ra2
1/2-1/2

[Event "13. KUP SS OBZ"]
[Site "Valpovo"]
[Date "2020.02.23"]
[Round "5.3"]
[White "Krscanski, Davor"]
[Black "Sucic, Mihael"]
[Result "0-1"]
[WhiteElo "1581"]
[BlackElo "1992"]
[PlyCount "84"]
[EventDate "2020.02.21"]
[WhiteTeam "ŠK VIŠNJEVAC, Višnjevac"]
[BlackTeam "ŠK HRVATSKA ČITAONICA, Valpovo"]

1. e4 c5 2. Nf3 e6 3. d4 cxd4 4. Nxd4 Nf6 5. Nc3 Bb4 6. Bd3 Nc6 7. Be3 Qa5 8.
Nb3 Bxc3+ 9. bxc3 Qxc3+ 10. Bd2 Qe5 11. f4 Qc7 12. e5 Nd5 13. O-O d6 14. Qg4 g6
15. exd6 Qxd6 16. Rae1 Bd7 17. Kh1 Ncb4 18. Bxb4 Qxb4 19. Be2 Ne3 20. Qh4 Nxf1
21. Bxf1 g5 22. Qf2 Qxf4 23. Qc5 b6 24. Qc3 O-O 25. Nd4 Rac8 26. Qd3 Bc6 27.
Nxc6 Rxc6 28. Qh3 Qh4 29. Qe3 Rxc2 30. Bd3 Rc5 31. g3 Qh6 32. Rb1 Rfc8 33. Rf1
Qg7 34. g4 Rd8 35. Bb1 Rcd5 36. Bc2 Rd2 37. Bb3 Qg6 38. Rc1 Qh6 39. Qg3 Qg7 40.
Rf1 Qd4 41. Qf3 Qf4 42. Qh3 Rxh2+ 0-1

[Event "13. KUP SS OBZ"]
[Site "Valpovo"]
[Date "2020.02.23"]
[Round "5.4"]
[White "Skocibusic, Ivo"]
[Black "Solin, Borna"]
[Result "1/2-1/2"]
[WhiteElo "1913"]
[BlackElo "1377"]
[PlyCount "94"]
[EventDate "2020.02.21"]
[WhiteTeam "ŠK ĐAKOVO LIM-MONT II, Đakovo"]
[BlackTeam "ŠK ĐAKOVO LIM-MONT III, Đakovo"]

1. e4 e5 2. Nf3 Nc6 3. Bc4 Bc5 4. O-O Nf6 5. d3 h6 6. Re1 O-O 7. h3 d6 8. c3 a6
9. a4 a5 10. Nbd2 Nh5 11. Nf1 Nf4 12. d4 Bb6 13. Be3 Ba7 14. Ng3 Qf6 15. dxe5
Nxe5 16. Nxe5 dxe5 17. Bxa7 Rxa7 18. Nh5 Nxh5 19. Qxh5 Be6 20. Qe2 Raa8 21.
Rad1 Rad8 22. Bxe6 Qxe6 23. Qb5 b6 24. b4 axb4 25. cxb4 f5 26. Rxd8 Rxd8 27.
exf5 Qxf5 28. Qxe5 Qxe5 29. Rxe5 Rd1+ 30. Kh2 Rd4 31. Rb5 Kf7 32. a5 bxa5 33.
bxa5 Ra4 34. Rb7 Rxa5 35. Rxc7+ Kf6 36. g4 Ra3 37. h4 Ra5 38. Kg3 h5 39. Rc6+
Kf7 40. gxh5 Rxh5 41. Kg4 Ra5 42. h5 Ra2 43. f4 Ra5 44. Rb6 Rc5 45. Rb7+ Kf6
46. Rb8 Kf7 47. Rb7+ Kf6 1/2-1/2